<?xml version="1.0" encoding="UTF-8"?>
<record
    xmlns:xsi="http://www.w3.org/2001/XMLSchema-instance"
    xsi:schemaLocation="http://www.loc.gov/MARC21/slim http://www.loc.gov/standards/marcxml/schema/MARC21slim.xsd"
    xmlns="http://www.loc.gov/MARC21/slim">

  <leader>03677njm a2200565Ia 4500</leader>
  <controlfield tag="001">24655</controlfield>
  <controlfield tag="003">IT-RoPAU</controlfield>
  <controlfield tag="005">20220918181112.0</controlfield>
  <controlfield tag="008">131025s9999    xx            000 0 und d</controlfield>
  <datafield tag="040" ind1=" " ind2=" ">
    <subfield code="a">IT-RoPAU</subfield>
  </datafield>
  <datafield tag="040" ind1=" " ind2=" ">
    <subfield code="c">IT-RoPAU</subfield>
  </datafield>
  <datafield tag="999" ind1=" " ind2=" ">
    <subfield code="c">99066</subfield>
    <subfield code="d">99066</subfield>
  </datafield>
  <datafield tag="999" ind1=" " ind2=" ">
    <subfield code="b">n.d.</subfield>
  </datafield>
  <datafield tag="100" ind1=" " ind2=" ">
    <subfield code="a">AA.VV.</subfield>
    <subfield code="9">794</subfield>
  </datafield>
  <datafield tag="100" ind1=" " ind2=" ">
    <subfield code="e">Autore musica</subfield>
    <subfield code="9">11361</subfield>
  </datafield>
  <datafield tag="100" ind1=" " ind2=" ">
    <subfield code="g">Codice autore musica SPICS: 12000</subfield>
    <subfield code="9">796</subfield>
  </datafield>
  <datafield tag="245" ind1=" " ind2=" ">
    <subfield code="a">Mein Leben Ist Musik</subfield>
  </datafield>
  <datafield tag="250" ind1=" " ind2=" ">
    <subfield code="a">1a ed.</subfield>
  </datafield>
  <datafield tag="260" ind1=" " ind2=" ">
    <subfield code="a">GERMANY</subfield>
  </datafield>
  <datafield tag="260" ind1=" " ind2=" ">
    <subfield code="b">POLYDOR</subfield>
  </datafield>
  <datafield tag="300" ind1=" " ind2=" ">
    <subfield code="a">DISCO</subfield>
  </datafield>
  <datafield tag="300" ind1=" " ind2=" ">
    <subfield code="c">35 minuti (Testo:  pag.)</subfield>
  </datafield>
  <datafield tag="500" ind1=" " ind2=" ">
    <subfield code="a">Musica strumentale. Arrangiamento di celebri brani di musica classica e strumentale</subfield>
  </datafield>
  <datafield tag="505" ind1=" " ind2=" ">
    <subfield code="a">Traumerei (5:00) - In the Mood (3:00) - Dolannes melody (4:00) - Kosaken Patrouille (4:00) - Freut Euch Des Lebens (5:00) - Wie Lieblich Schallt (2:00) - O Taler Weit, O Hohen (2:00) - Sportpalast Polka (3:00) - Ich Hab 'Ne Frau (2:00) - Komm Unter Meine Decke (2:00) - Du Kannst Nicht Immer Siebzehn Sein (2:00) - Fernando (2:00) - Rocky (2:00) - Lady Love (2:00) - Wien Bleibt Wien (3:00) - De Kapt'n de Stjiermann, de Bootsmann un Ick (2:00) - When Irish Eyes Are Smiling (2:00)</subfield>
  </datafield>
  <datafield tag="650" ind1=" " ind2=" ">
    <subfield code="a">ARRANGIAMENTO [DISCHI]</subfield>
    <subfield code="e">Codice MATERIA SPICS: 9950</subfield>
    <subfield code="9">11362</subfield>
  </datafield>
  <datafield tag="700" ind1=" " ind2=" ">
    <subfield code="a">Last James</subfield>
    <subfield code="e">Interprete</subfield>
    <subfield code="g">Codice interprete SPICS: 10976</subfield>
    <subfield code="9">11363</subfield>
  </datafield>
  <datafield tag="700" ind1=" " ind2=" ">
    <subfield code="a">Last James</subfield>
    <subfield code="g">Codice autore musica SPICS: 10976</subfield>
    <subfield code="e">Autore musica</subfield>
    <subfield code="9">11364</subfield>
  </datafield>
  <datafield tag="700" ind1=" " ind2=" ">
    <subfield code="a">Schumann Robert</subfield>
    <subfield code="g">Codice autore musica SPICS: 11150</subfield>
    <subfield code="e">Autore musica</subfield>
    <subfield code="p">Traumerei</subfield>
    <subfield code="9">11365</subfield>
  </datafield>
  <datafield tag="700" ind1=" " ind2=" ">
    <subfield code="a">Razaf Andy</subfield>
    <subfield code="g">Codice autore musica SPICS: 10573</subfield>
    <subfield code="e">Autore musica</subfield>
    <subfield code="p">In the Mood</subfield>
    <subfield code="9">11366</subfield>
  </datafield>
  <datafield tag="700" ind1=" " ind2=" ">
    <subfield code="a">Winter Peter</subfield>
    <subfield code="g">Codice autore SPICS: 8206</subfield>
    <subfield code="e">Autore musica</subfield>
    <subfield code="p">In the Mood</subfield>
    <subfield code="9">11367</subfield>
  </datafield>
  <datafield tag="700" ind1=" " ind2=" ">
    <subfield code="a">Toussaint Olivier</subfield>
    <subfield code="g">Codice autore musica SPICS: 14363</subfield>
    <subfield code="e">Autore musica</subfield>
    <subfield code="p">Dolannes melody</subfield>
    <subfield code="9">11368</subfield>
  </datafield>
  <datafield tag="700" ind1=" " ind2=" ">
    <subfield code="a">Senneville Paul De</subfield>
    <subfield code="g">Codice autore SPICS: 14362</subfield>
    <subfield code="e">Autore musica</subfield>
    <subfield code="p">Dolannes melody</subfield>
    <subfield code="9">11369</subfield>
  </datafield>
  <datafield tag="700" ind1=" " ind2=" ">
    <subfield code="a">Anonimo</subfield>
    <subfield code="g">Codice autore musica SPICS: 2620</subfield>
    <subfield code="e">Autore musica</subfield>
    <subfield code="p">Kosaken Patrouille - Sportpalast Polka - De Kapt'n de Stjiermann, de Bootsmann un Ick - When Irish Eyes Are Smiling</subfield>
    <subfield code="9">11370</subfield>
  </datafield>
  <datafield tag="700" ind1=" " ind2=" ">
    <subfield code="a">Silcher F.</subfield>
    <subfield code="g">Codice autore musica SPICS: 14461</subfield>
    <subfield code="e">Autore musica</subfield>
    <subfield code="p">Wie Lieblich Schallt</subfield>
    <subfield code="9">11371</subfield>
  </datafield>
  <datafield tag="700" ind1=" " ind2=" ">
    <subfield code="a">Mendelssohn Felix</subfield>
    <subfield code="g">Codice autore musica SPICS: 3873</subfield>
    <subfield code="e">Autore musica</subfield>
    <subfield code="p">O Taler Weit, O Hohen</subfield>
    <subfield code="9">11372</subfield>
  </datafield>
  <datafield tag="700" ind1=" " ind2=" ">
    <subfield code="a">Bartholdy</subfield>
    <subfield code="g">Codice autore SPICS: 27516</subfield>
    <subfield code="e">Autore musica</subfield>
    <subfield code="p">O Taler Weit, O Hohen</subfield>
    <subfield code="9">11373</subfield>
  </datafield>
  <datafield tag="700" ind1=" " ind2=" ">
    <subfield code="a">Bendorff B.</subfield>
    <subfield code="g">Codice autore SPICS: 14475</subfield>
    <subfield code="e">Autore</subfield>
    <subfield code="p">Ich Hab 'Ne Frau</subfield>
    <subfield code="9">11374</subfield>
  </datafield>
  <datafield tag="700" ind1=" " ind2=" ">
    <subfield code="a">Schaper P.</subfield>
    <subfield code="g">Codice autore musica SPICS: 27327</subfield>
    <subfield code="e">Autore musica</subfield>
    <subfield code="p">Ich Hab 'Ne Frau</subfield>
    <subfield code="9">11375</subfield>
  </datafield>
  <datafield tag="700" ind1=" " ind2=" ">
    <subfield code="a">Gabriel Gunter</subfield>
    <subfield code="g">Codice autore musica SPICS: 27517</subfield>
    <subfield code="e">Autore musica</subfield>
    <subfield code="p">Komm Unter Meine Decke</subfield>
    <subfield code="9">11376</subfield>
  </datafield>
  <datafield tag="700" ind1=" " ind2=" ">
    <subfield code="a">Siegel R.M.</subfield>
    <subfield code="g">Codice autore musica SPICS: 14420</subfield>
    <subfield code="e">Autore musica</subfield>
    <subfield code="p">Du Kannst Nicht Immer Siebzehn Sein</subfield>
    <subfield code="9">11377</subfield>
  </datafield>
  <datafield tag="700" ind1=" " ind2=" ">
    <subfield code="a">Hertha Kurt</subfield>
    <subfield code="g">Codice autore SPICS: 27518</subfield>
    <subfield code="e">Autore</subfield>
    <subfield code="p">Du Kannst Nicht Immer Siebzehn Sein</subfield>
    <subfield code="9">11378</subfield>
  </datafield>
  <datafield tag="700" ind1=" " ind2=" ">
    <subfield code="a">Anderson Benny</subfield>
    <subfield code="g">Codice autore musica SPICS: 18865</subfield>
    <subfield code="e">Autore musica</subfield>
    <subfield code="p">Fernando</subfield>
    <subfield code="9">11379</subfield>
  </datafield>
  <datafield tag="700" ind1=" " ind2=" ">
    <subfield code="a">Ulvaeus Anderson</subfield>
    <subfield code="g">Codice autore SPICS: 27519</subfield>
    <subfield code="e">Autore</subfield>
    <subfield code="p">Fernando</subfield>
    <subfield code="9">11380</subfield>
  </datafield>
  <datafield tag="700" ind1=" " ind2=" ">
    <subfield code="a">Stevens J.</subfield>
    <subfield code="g">Codice autore musica SPICS: 27520</subfield>
    <subfield code="e">Autore musica</subfield>
    <subfield code="p">Rocky</subfield>
    <subfield code="9">11381</subfield>
  </datafield>
  <datafield tag="700" ind1=" " ind2=" ">
    <subfield code="a">Weigel H.</subfield>
    <subfield code="g">Codice autore SPICS: 27521</subfield>
    <subfield code="e">Autore</subfield>
    <subfield code="p">Rocky</subfield>
    <subfield code="9">11382</subfield>
  </datafield>
  <datafield tag="700" ind1=" " ind2=" ">
    <subfield code="a">Pietsch Paul</subfield>
    <subfield code="g">Codice autore musica SPICS: 2583</subfield>
    <subfield code="e">Autore musica</subfield>
    <subfield code="p">Lady Love</subfield>
    <subfield code="9">11383</subfield>
  </datafield>
  <datafield tag="700" ind1=" " ind2=" ">
    <subfield code="a">Stein Clarence S.</subfield>
    <subfield code="g">Codice autore SPICS: 15370</subfield>
    <subfield code="e">Autore</subfield>
    <subfield code="p">Lady Love</subfield>
    <subfield code="9">11384</subfield>
  </datafield>
  <datafield tag="700" ind1=" " ind2=" ">
    <subfield code="a">Holm M.</subfield>
    <subfield code="g">Codice autore musica SPICS: 27522</subfield>
    <subfield code="e">Autore musica</subfield>
    <subfield code="p">Lady Love</subfield>
    <subfield code="9">11385</subfield>
  </datafield>
  <datafield tag="700" ind1=" " ind2=" ">
    <subfield code="a">Schrammel Johann</subfield>
    <subfield code="g">Codice autore musica SPICS: 27176</subfield>
    <subfield code="e">Autore musica</subfield>
    <subfield code="p">Wien Bleibt Wien</subfield>
    <subfield code="9">11386</subfield>
  </datafield>
  <datafield tag="942" ind1=" " ind2=" ">
    <subfield code="c">MD</subfield>
    <subfield code="2">ddc</subfield>
  </datafield>
  <datafield tag="952" ind1=" " ind2=" ">
    <subfield code="0">0</subfield>
    <subfield code="1">0</subfield>
    <subfield code="4">0</subfield>
    <subfield code="6">24655_000000000000000</subfield>
    <subfield code="7">1</subfield>
    <subfield code="a">SPICS</subfield>
    <subfield code="b">SPICS</subfield>
    <subfield code="d">2013-10-25</subfield>
    <subfield code="l">0</subfield>
    <subfield code="o">24655</subfield>
    <subfield code="r">2013-10-25 00:00:00</subfield>
    <subfield code="w">2013-10-25</subfield>
    <subfield code="y">MD</subfield>
    <subfield code="z">Progr. Ins.: 5350 / N.Vol.: 1 / Copie: 1 - Copia rara: n.d. / date import: 01.01.2014 - By Epidotti, Trombetti, Vaglietti</subfield>
  </datafield>
</record>
